000 02932cam a2200409 4500500
005 20260208002518.0
041 _afre
042 _adc
100 1 0 _aDubus, Arnaud
_eauthor
245 0 0 _aLa dérive chinoise de la Thaïlande des généraux
260 _c2018.
500 _a77
520 _aLa militarisation de l’appareil dirigeant, des organes d’Etat et, dans une certaine mesure, de la société depuis le coup d’Etat de mai 2014 en Thaïlande a favorisé une dérive du royaume vers la Chine. Les ambitions régionales chinoises tant au niveau économique que politique ont fait écho à la volonté de la junte thaïlandaise de renforcer ses liens avec Pékin après le refroidissement des relations avec les pays occidentaux. Ce rapprochement stratégique entre Bangkok et Pékin s’articule autour de grandes initiatives économiques, comme le projet de « la nouvelle route de la soie », ainsi qu’autour d’achats d’armements chinois par la junte et d’une coordination diplomatique sur les questions de sécurité régionale. Ce rapprochement n’est toutefois pas sans tensions, Bangkok se trouvant en position de vulnérabilité vis-à-vis de Pékin et voyant sa crédibilité au niveau international affectée.
520 _aThe militarization of the government apparatus, the state agencies and, to a certain extent, of the society since the coup of May 2014 in Thailand has favored a drift of the kingdom towards China. The regional ambitions of China, both at the economic and political level, are echoing the desire of the Thai junta to strengthen its links with Beijing after the cooling of its relations with the Western countries. This strategic proximity between Bangkok and Beijing is built around large economic initiatives, such as the Belt and Road Initiative, as well as around purchases of Chinese weapons and military equipment by the Thai junta and diplomatic coordination on regional security issues. This proximity is not without tensions, as Bangkok finds itself in a position of weakness vis à vis Beijing and see its international credibility being undermined.
690 _aarticle 44
690 _aChine
690 _ajunte thaïlandaise
690 _aMékong
690 _amilitarisation
690 _anouvelle route de la soie
690 _aPrayut Chan-ocha
690 _arelations sino-thaïlandaises
690 _asous-marins Chinois
690 _aThaïlande
690 _aarticle 44
690 _aBelt and Road Initiative
690 _aChina
690 _aChinese sub-marines
690 _aMekong
690 _amilitarization
690 _aPrayut Chan-ocha
690 _aThai junta
690 _aThai-Chinese relations
690 _aThailand
786 0 _nMonde chinois | 54 - 55 | 2 | 2018-10-04 | p. 85-92 | 1767-3755
856 4 1 _uhttps://shs.cairn.info/revue-monde-chinois-2018-2-page-85?lang=fr&redirect-ssocas=7080
999 _c1646637
_d1646637